000 00476nam a2200181Ia 4500
005 20250326130413.0
008 250326s9999 xx 000 0 und d
037 _aTextbook
040 _aFMSL
_beng
_cFMSL
041 _aeng
_2eng
084 _aX8(A):9 L4
_qFMSL
100 _aSharma B R
245 0 _aIndustrial worker
_cSharma B R
260 _aNew Delhi
_bNew Delhi, Vikas
_c1974
300 _a205p
942 _cTB
_hX8(A):9 L4
999 _c1282339
_d1282339